Elegantní příležitosti. (2), Hrabě pro Elizu /
Druhý titul z autorčiny série Elegantní příležitosti, kde v kulisách viktoriánské Anglie čekají na hrdinky urození ženichové.
Uloženo v:
| Série: | Elegantní příležitosti,
část 2 |
|---|---|
| Hlavní autor: | |
| Další autoři: | |
| Médium: | E-kniha |
| Jazyk: | Czech |
| Vydáno: |
Praha :
Baronet,
2023
|
| Vydání: | 1. vydání |
| Témata: | |
| Příbuzné jednotky: | Z cyklu::
Elegantní příležitosti |
| Tagy: |
Žádné tagy |
| LEADER | 02609nam a2200457 i 4500 | ||
|---|---|---|---|
| 001 | 312193 | ||
| 003 | CZ PrSKC | ||
| 005 | 20260601215718.0 | ||
| 007 | ta | ||
| 008 | 231201s2023 xr g 000 f cze | ||
| 015 | |a cnb003576678 | ||
| 020 | |a 9788026922056 |q (vázáno) | ||
| 035 | |a (OCoLC)1420607691 | ||
| 040 | |a ABG001 |b cze |e rda | ||
| 041 | 1 | |a cze |h eng | |
| 072 | 7 | |a 821.111(73)-3 |x Americká próza |2 Konspekt | |
| 080 | |a 821.111(73)-31 |2 MRF | ||
| 080 | |a (0:82-312.5) |2 MRF | ||
| 100 | 1 | |a Jeffries, Sabrina, |d 1958- |7 xx0047375 |4 aut | |
| 240 | 1 | 0 | |a What happens in the ballroom. |l Česky |
| 245 | 1 | 0 | |a Elegantní příležitosti. |n (2), |p Hrabě pro Elizu / |c Sabrina Jeffries ; z anglického originálu What happens in the ballroom ... přeložila Dana Šimonová |
| 246 | 3 | 0 | |a Hrabě pro Elizu |
| 250 | |a 1. vydání | ||
| 264 | 1 | |a Praha : |b Baronet, |c 2023 | |
| 300 | |a 300 stran ; |c 21 cm | ||
| 336 | |a text |b txt |2 rdacontent | ||
| 337 | |a bez média |b n |2 rdamedia | ||
| 338 | |a svazek |b nc |2 rdacarrier | ||
| 520 | 2 | |a Druhý titul z autorčiny série Elegantní příležitosti, kde v kulisách viktoriánské Anglie čekají na hrdinky urození ženichové. |b Mladá vdova Eliza Piercová dělá vše pro úspěch sesterské firmy Elegantní příležitosti. Když si přítel jejího muže Nathaniel Stanton, hrabě z Foxsteadu, najme sestry, aby pomohly jiné ženě, Eliza uvažuje, zdali to není jeho milenka. Proč však potom prokazuje Elize tak často svou náklonnost? Nathaniel se s ní zatím nemůže oženit kvůli tajemství, které se jí zdráhá říct. Těžko se mu svůdné Elize odolává, ale má strach, že když se jí svěří, nikdy mu to neodpustí. Nakladatelská anotace. | |
| 655 | 7 | |a americké romány |7 fd131796 |2 czenas | |
| 655 | 7 | |a milostné romány |7 fd132840 |2 czenas | |
| 655 | 9 | |a American fiction |2 eczenas | |
| 655 | 9 | |a love novels |2 eczenas | |
| 700 | 1 | |a Šimonová, Dana |7 jx20040127002 |4 trl | |
| 787 | 0 | 8 | |i Z cyklu: |t Elegantní příležitosti |g 2 |w (CZ-CtDS)28e26583-450f-5401-858e-3882e3bccda4 |
| 900 | |a ABA001 |b 21 | ||
| 928 | 9 | |a Albatros Media - Baronet | |
| 044 | |a xr | ||
| 910 | |a RBIT002 | ||
| 998 | |d 391773 |a https://core.palmknihy.cz/api/books/391773/cover?sgwedz |b https://core.palmknihy.cz/api/books/391773/cover/400?sgwedz |c https://core.palmknihy.cz/api/books/391773/cover/50?sgwedz |e 2027-11-29 |g 232 |i 9788026922056 |j https://core.palmknihy.cz/api/books/391773/preview.epub |k https://core.palmknihy.cz/api/books/391773/preview.pdf |l |q 49 |r 1 |s https://www.palmknihy.cz/kniha/391773 |t ebook |y 2023 |z 0 |v Elegantní příležitosti |w 2 | ||
| 999 | |d 312191 | ||